00327 2200133 4500001002100000005001500021035002000036245005100056100002200107300001200129260003200141082000800173990001200181INLIS00000000000210120250527100533 a0010-05250003931 aHidup Dengan Sepenuh Hati /cMaster Heling Yun0 aMaster Heling Yun a192 hlm bHandal Niaga Pustaka,c2004 a813 a0712682